=LDR 00000nam 2200000 4500 =001 INLIS000000000015007 =005 20130612110304 =008 ***********************************Ind** =035 ##$$0010-061300000015007 =041 ##$$a Ind =082 ##$$a 658.312 4 =090 ##$$a 658.312 4, fli b =100 ##$$a Flippo, Edwin B =245 ##$$a berbagai Macam Teknik Pembinaan tenaga Kerja, Edwin B. Flippo; Alih Bahasa, Hardoyo =260 ##$$a 1980 $b Jakarta =300 ##$$a iv,54 Hlm, Ilus, 21 cm =650 ##$$a Manajemen tenaga Kerja =700 ##$$a Hardoyo =850 ##$$a NBPNMAT